Thực trạng chuyển đổi nghề nghiệp của cư dân vùng ven đô trong quá trình đô thị hoá /

Wedi'i Gadw mewn:
Manylion Llyfryddiaeth
Prif Awdur: Đỗ Thị Lệ Hằng.
Fformat: Erthygl
Iaith:Vietnamese
Pynciau:
Tagiau: Ychwanegu Tag
Dim Tagiau, Byddwch y cyntaf i dagio'r cofnod hwn!
Thư viện lưu trữ: Thư viện Trường Đại học Đà Lạt
LEADER 00895nam a2200301 4500
001 DLU080064128
005 ##20081214
040 # # |a DLU  |b vie 
041 # # |a vie 
044 # # |a vn 
100 # # |a Đỗ Thị Lệ Hằng. 
245 # # |a Thực trạng chuyển đổi nghề nghiệp của cư dân vùng ven đô trong quá trình đô thị hoá /  |c Đỗ Thị Lệ Hằng. 
653 # # |a Đô thị hoá 
653 # # |a Cư dân 
653 # # |a Chuyển đổi cơ cấu 
653 # # |a Hà Nội 
653 # # |a Nghề nghiệp 
773 # # |t Tạp chí Tâm lý học  |g Số 3, 2008, tr. 37-40. 
920 # # |a Phòng Tạp chí -- Trung tâm Thông tin - Thư viện Trường Đại học Đà Lạt 
933 # # |a XH 
994 # # |a DLU 
900 # # |a True 
911 # # |a Hoàng Thị Huyền 
925 # # |a G 
926 # # |a A 
927 # # |a BB 
980 # # |a Thư viện Trường Đại học Đà Lạt